La historia de los hombres: el siglo XX
Gorde:
| Egile nagusia: | |
|---|---|
| Formatua: | Liburua |
| Hizkuntza: | gaztelania |
| Argitaratua: |
Barcelona
Crítica
2002
|
| Edizioa: | 1a. ed |
| Saila: | Biblioteca de Bolsillo Crítica, 81
|
| Gaiak: | |
| Etiketak: |
Etiketa erantsi
Etiketarik gabe, Izan zaitez lehena erregistro honi etiketa jartzen!
|
MARC
| LEADER | 00000nam a2200000 a 4500 | ||
|---|---|---|---|
| 001 | UCI1931 | ||
| 003 | CL-VaPUC | ||
| 008 | 070727e20020000SP |||||||||||||||||spa|d | ||
| 020 | |a 8484323293 | ||
| 082 | 0 | 4 | |a 305.31 |b FON |2 21 |
| 100 | 0 | |a Fontana, Josep |e author |9 522747 | |
| 245 | 1 | 3 | |a La historia de los hombres: el siglo XX |
| 250 | |a 1a. ed | ||
| 300 | |a 230 p | ||
| 942 | |c BK | ||
| 945 | |d 20070727 00:00:00 |a rbrito | ||
| 260 | |a Barcelona |b Crítica |c 2002 | ||
| 650 | 7 | |a HOMBRE SIGLO 20 |2 CL-VaPUC |9 522748 | |
| 650 | 0 | |a Historiografía |9 257871 | |
| 583 | |a last modification |c 20160913 09:24:09 |k Rodrigo Vera | ||
| 490 | 0 | |a Biblioteca de Bolsillo Crítica, 81 | |
| 999 | |c 326619 |d 326617 | ||
| 952 | |0 0 |1 0 |4 0 |6 305_310000000000000_FON_2002 |7 0 |8 ? |9 408643 |a BIBEDU |b BIBEDU |d 2019-11-22 |i 4359569 |o 305.31 FON 2002 |p 4359569 |r 2019-11-22 |w 2019-11-22 |y BK |k LIT | ||